000
00317nam a2200133Ia 4500
008
150201s1996 xx 000 0 und d
082
_a
610.7367
_b
M95R
100
_a
ROLLAND , POULETTE D.
245
_a
MEDICAL SURGICAL NURSING
260
_b
MOSBY
_a
USA
_c
1996
300
_a
528
650
_a
SURGERY
942
_2
ddc
_c
BK
999
_c
1965
_d
1965